[Event "4NCL league"]
[Site "?"]
[Date "2016.02.14"]
[Round "?"]
[White "Eames, R."]
[Black "Stebbings, A."]
[Result "1-0"]
[WhiteElo "2275"]
[BlackElo "2245"]
[PlyCount "95"]
[EventDate "2016.??.??"]

1. e4 c5 2. Nf3 e6 3. d4 cxd4 4. Nxd4 a6 5. Nc3 Qc7 6. g3 Bb4 7. Bd2 Nf6 8. Bg2
Nc6 9. Nb3 Be7 10. f4 d6 11. g4 h6 12. h4 b5 13. g5 Nd7 14. Qe2 Bb7 15. a4 b4
16. Na2 a5 17. c3 Nc5 18. Nxc5 dxc5 19. g6 fxg6 20. Qg4 O-O-O 21. Qxe6+ Qd7 22.
Qxd7+ Kxd7 23. cxb4 cxb4 24. Be3 Kc7 25. Nc1 Nd4 26. Bxd4 Rxd4 27. Nb3 Rd3 28.
Nxa5 Bxe4 29. Bxe4 Re3+ 30. Kf2 Rxe4 31. Kf3 Re6 32. Rac1+ Kb6 33. Nc4+ Kb7 34.
Na5+ Kb6 35. Nc4+ Kb7 36. Rhd1 Rd8 37. Rxd8 Bxd8 38. Rd1 Bf6 39. Rd5 Bxh4 40.
Rb5+ Kc6 41. Rb6+ Kd5 42. Ne3+ Rxe3+ 43. Kxe3 Kc4 44. Rc6+ Kb3 45. a5 g5 46. a6
gxf4+ 47. Kf3 Kxb2 48. a7 1-0

[Event "London league"]
[Site "?"]
[Date "2016.02.23"]
[Round "?"]
[White "Gursel, M."]
[Black "Stebbings, A."]
[Result "0-1"]
[WhiteElo "2035"]
[BlackElo "2245"]
[PlyCount "66"]
[EventDate "2016.??.??"]

1. Nf3 c5 2. c4 Nf6 3. Nc3 d5 4. cxd5 Nxd5 5. e4 Nb4 6. d4 cxd4 7. Bc4 N8c6 8.
Nd5 e6 9. Nf4 e5 10. Qb3 Qc7 11. Nd5 Nxd5 12. exd5 Bb4+ 13. Kf1 Bc5 14. dxc6
bxc6 15. Ng5 O-O 16. Ne4 Bb6 17. Qg3 Kh8 18. Qh4 f5 19. Ng5 h6 20. Nf7+ Rxf7
21. Bxh6 gxh6 22. Qxh6+ Kg8 23. a4 Bc5 24. Qg6+ Kf8 25. Bxf7 Qxf7 26. Qxc6 Qc4+
27. Kg1 Rb8 28. Re1 Be6 29. Qc7 Rxb2 30. Qxe5 Kf7 31. h4 Rc2 32. Rh3 d3 33. Rg3
Bxf2+ 0-1

[Event "County match"]
[Site "?"]
[Date "2016.02.27"]
[Round "?"]
[White "Tebbs, H."]
[Black "Stebbings, A."]
[Result "0-1"]
[WhiteElo "2155"]
[BlackElo "2245"]
[PlyCount "106"]
[EventDate "2016.??.??"]

1. d4 Nf6 2. Bf4 e6 3. e3 c5 4. c3 b6 5. Nf3 Be7 6. h3 O-O 7. Nbd2 Bb7 8. Bd3
Nc6 9. Qe2 cxd4 10. exd4 a6 11. a4 d6 12. O-O Re8 13. Rfd1 Nd5 14. Bg3 Bf8 15.
Nc4 Qc7 16. Ne3 Nxe3 17. fxe3 e5 18. e4 exd4 19. cxd4 Nb4 20. e5 Nxd3 21. Qxd3
Rac8 22. Ng5 g6 23. Ne4 Bxe4 24. Qxe4 dxe5 25. Bxe5 Bd6 26. Bxd6 Qxd6 27. Qd3
Qd5 28. Re1 Rxe1+ 29. Rxe1 Rc4 30. b3 Qxd4+ 31. Qe3 Rb4 32. Qxd4 Rxd4 33. Re3
f5 34. Kf2 Kf7 35. Rc3 Rb4 36. g3 a5 37. h4 Ke6 38. Kf3 Ke5 39. Re3+ Kd4 40.
Kf4 h6 41. Kf3 g5 42. hxg5 hxg5 43. Ke2 f4 44. gxf4 gxf4 45. Rd3+ Ke4 46. Rc3
Rd4 47. Rh3 Rd6 48. Rc3 Rh6 49. Rc4+ Ke5 50. b4 Rh2+ 51. Kf3 Rh3+ 52. Kg2 Rh4
53. bxa5 f3+ 0-1

[Event "London league"]
[Site "?"]
[Date "2016.04.07"]
[Round "?"]
[White "Vachtfeidl, P."]
[Black "Stebbings, A."]
[Result "0-1"]
[WhiteElo "2005"]
[BlackElo "2245"]
[PlyCount "156"]
[EventDate "2016.??.??"]

1. e4 c5 2. Nf3 e6 3. Nc3 a6 4. d4 cxd4 5. Nxd4 Qc7 6. Bd3 Nf6 7. f4 d6 8. Qf3
b5 9. g4 Bb7 10. g5 Nfd7 11. Be3 Nc5 12. a3 Be7 13. O-O-O Nc6 14. Kb1 O-O 15.
h4 Nxd4 16. Bxd4 Nxd3 17. Qxd3 Rac8 18. h5 Qc4 19. Qd2 e5 20. fxe5 dxe5 21.
Bxe5 Bxe4 22. Nxe4 Qxe4 23. Rhe1 Qf5 24. g6 Bf6 25. Bxf6 Qxf6 26. Rf1 Qe7 27.
Rxf7 Rxf7 28. gxf7+ Qxf7 29. h6 Re8 30. Rg1 g6 31. Qd4 Rf8 32. Re1 Qf6 33. Qd5+
Kh8 34. Qd7 g5 35. Qe6 Qxe6 36. Rxe6 g4 37. Re3 Rg8 38. Rg3 Rg5 39. b3 Kg8 40.
c4 bxc4 41. bxc4 Kf7 42. c5 Ke6 43. c6 Kd6 44. Rc3 Kc7 45. Re3 Kxc6 46. Re7 g3
47. Rg7 Rg6 48. Rxg6+ hxg6 49. h7 g2 50. h8=Q g1=Q+ 51. Kb2 Qf2+ 52. Kb3 Qe3+
53. Kb2 Qd2+ 54. Kb3 Qd3+ 55. Kb2 Kd5 56. Qd8+ Ke4 57. Qe7+ Kf4 58. Qf6+ Kg4
59. Qe6+ Kh5 60. Qf7 a5 61. Qe8 Qd4+ 62. Kc2 Qc4+ 63. Kb2 a4 64. Qh8+ Kg4 65.
Qb8 g5 66. Qd6 Kf3 67. Qf6+ Qf4 68. Qc6+ Kg3 69. Qc3+ Kg2 70. Qc6+ Kg1 71. Qb5
g4 72. Kc2 g3 73. Qd3 g2 74. Kc3 Kf2 75. Qc2+ Kg3 76. Qg6+ Kf3 77. Qg8 Qe3+ 78.
Kc2 Qb3+ 0-1

[Event "London league"]
[Site "?"]
[Date "2016.04.25"]
[Round "?"]
[White "Stebbings, A."]
[Black "Harper, V."]
[Result "1-0"]
[WhiteElo "2245"]
[BlackElo "1945"]
[PlyCount "133"]
[EventDate "2016.??.??"]

1. d4 d5 2. c4 c6 3. Nc3 Nf6 4. e3 a6 5. Qc2 g6 6. Bd3 dxc4 7. Bxc4 Bf5 8. Qb3
e6 9. Qxb7 Nbd7 10. Qxc6 Bb4 11. Qa4 Bxc3+ 12. bxc3 O-O 13. Ba3 Nb6 14. Qb3
Nxc4 15. Qxc4 Re8 16. Nf3 Be4 17. O-O Bxf3 18. gxf3 Nd5 19. Rfc1 Qg5+ 20. Kh1
Qh5 21. Qe2 e5 22. Bd6 e4 23. Kg2 Re6 24. Be5 Rc8 25. Rab1 f6 26. Rb8 Qg5+ 27.
Kf1 Rxb8 28. Bxb8 Qh5 29. fxe4 Qh3+ 30. Ke1 Rxe4 31. Kd2 Qc8 32. Bg3 f5 33. Qd3
Re7 34. Be5 Rb7 35. Rc2 Rb1 36. f3 Rg1 37. Qe2 Qc6 38. Qf2 Rb1 39. Qh4 Rg1 40.
Qf2 Rb1 41. c4 Qa4 42. Qh4 Nb4 43. Qd8+ Kf7 44. Qf6+ Ke8 45. Qh8+ Ke7 46. Qxh7+
Kd8 47. Qh8+ Kd7 48. Qg7+ Kd8 49. Qf8+ Kd7 50. Qf7+ Kd8 51. Qf8+ Kd7 52. Qd6+
Ke8 53. Qxg6+ Kd8 54. Bf6+ Kc7 55. Qh7+ Kc8 56. Qxf5+ Kb7 57. d5 Rg1 58. Rb2
Rg2+ 59. Ke1 Rxb2 60. Bxb2 Nc2+ 61. Kd2 Nb4 62. a3 Na2 63. Qc2 Qa5+ 64. Ke2 Kc8
65. Qf5+ Kb7 66. Qd7+ Ka8 67. Qc8+ 1-0

[Event "4NCL league"]
[Site "?"]
[Date "2016.04.30"]
[Round "?"]
[White "Stebbings, A."]
[Black "Snuverink, J."]
[Result "1/2-1/2"]
[WhiteElo "2245"]
[BlackElo "2433"]
[PlyCount "61"]
[EventDate "2016.??.??"]

1. d4 e6 2. e4 d5 3. Nd2 Nc6 4. Ngf3 Nf6 5. e5 Nd7 6. Nb3 a5 7. a4 Be7 8. Bb5
Na7 9. Be2 b6 10. O-O O-O 11. Be3 c5 12. c3 Nc6 13. Ne1 Ba6 14. Bxa6 Rxa6 15.
Qg4 f5 16. exf6 Rxf6 17. Bg5 Rg6 18. Bxe7 Qxe7 19. Qe2 Ra8 20. f4 cxd4 21. Nxd4
Nxd4 22. cxd4 Qb4 23. Nf3 Rf8 24. Qd2 Qxd2 25. Nxd2 Rgf6 26. g3 Rc8 27. Rac1
Rff8 28. Nf3 h6 29. Kg2 Kf7 30. Kf2 Ke7 31. Ke3 1/2-1/2

[Event "4NCL league"]
[Site "?"]
[Date "2016.05.01"]
[Round "?"]
[White "Cornette, M."]
[Black "Stebbings, A."]
[Result "1-0"]
[WhiteElo "2581"]
[BlackElo "2245"]
[PlyCount "67"]
[EventDate "2016.??.??"]

1. e4 c5 2. Nf3 e6 3. d4 cxd4 4. Nxd4 Nc6 5. Nc3 Qc7 6. Be2 a6 7. O-O Nf6 8.
Be3 Bb4 9. Nxc6 bxc6 10. f4 O-O 11. e5 Nd5 12. Nxd5 cxd5 13. c3 Bc5 14. Qd2 d6
15. Kh1 a5 16. b4 Bxe3 17. Qxe3 Bd7 18. b5 Rfc8 19. b6 Qxc3 20. Bd3 Rab8 21.
Rac1 Qb4 22. Rc7 Rxc7 23. bxc7 Rc8 24. Rb1 Qc5 25. Qxc5 dxc5 26. Ba6 Rxc7 27.
Rb8+ Bc8 28. Bxc8 g5 29. Bxe6+ Kg7 30. Bxd5 Rd7 31. Bf3 gxf4 32. Rb7 Rd2 33. e6
Rxa2 34. h4 1-0

[Event "London league"]
[Site "?"]
[Date "2016.05.16"]
[Round "?"]
[White "Stebbings, A."]
[Black "Pelling, T."]
[Result "1-0"]
[WhiteElo "2245"]
[BlackElo "2073"]
[PlyCount "43"]
[EventDate "2016.??.??"]

1. d4 d5 2. c4 Bf5 3. cxd5 Bxb1 4. Qa4+ c6 5. Rxb1 Qxd5 6. Nf3 Nd7 7. b4 e6 8.
e3 Ngf6 9. b5 Nb6 10. Qb3 Qxb3 11. Rxb3 c5 12. dxc5 Bxc5 13. Be2 O-O 14. O-O
Rfc8 15. Bb2 Be7 16. Nd4 Ne4 17. Rd1 Na4 18. Bf3 Nxb2 19. Rxb2 Nc5 20. Rc2 Rd8
21. Rdc1 Rac8 22. Bxb7 1-0

[Event "London league"]
[Site "?"]
[Date "2016.05.25"]
[Round "?"]
[White "Bennett, D."]
[Black "Stebbings, A."]
[Result "0-1"]
[WhiteElo "1975"]
[BlackElo "2245"]
[PlyCount "73"]
[EventDate "2016.??.??"]

1. e4 c5 2. Nf3 e6 3. d4 cxd4 4. Nxd4 a6 5. g3 Nc6 6. Bg2 Qc7 7. O-O d6 8. Nc3
Be7 9. Nxc6 bxc6 10. Be3 Rb8 11. Rb1 Nf6 12. f4 O-O 13. g4 d5 14. g5 Nd7 15. f5
Bc5 16. Bxc5 Nxc5 17. Qd4 Nd7 18. fxe6 fxe6 19. Rxf8+ Nxf8 20. exd5 exd5 21.
Kh1 Bf5 22. Rf1 Bg6 23. Qc5 Ne6 24. Qe3 Qd6 25. Qa7 Nxg5 26. Qxa6 Nf7 27. b3
Bxc2 28. Rc1 Bf5 29. Ne2 Ne5 30. Ng3 Bd7 31. Qa7 Rf8 32. a4 Qh6 33. Qg1 Bh3 34.
Rf1 Rxf1 35. Qxf1 Bxg2+ 36. Qxg2 Qe3 37. Qh3 0-1

[Event "World Senior Team ch."]
[Site "Radebeul, Germany"]
[Date "2016.06.27"]
[Round "2"]
[White "Harestad, T."]
[Black "Stebbings, A."]
[Result "1/2-1/2"]
[WhiteElo "2192"]
[BlackElo "2260"]
[PlyCount "111"]
[EventDate "2016.??.??"]

1. d4 Nf6 2. c4 e6 3. Nf3 b6 4. Nc3 Bb4 5. Bg5 h6 6. Bh4 g5 7. Bg3 Ne4 8. Qc2
Bb7 9. e3 Bxc3+ 10. bxc3 d6 11. Bd3 f5 12. O-O-O Nd7 13. Ne1 Qe7 14. f3 Nxg3
15. hxg3 O-O-O 16. Qa4 Kb8 17. Nc2 c5 18. Rhe1 Nf6 19. e4 fxe4 20. Bxe4 Nxe4
21. fxe4 h5 22. d5 h4 23. g4 Rhf8 24. Ne3 Rf4 25. Qc2 Qf6 26. Qd3 Qe5 27. Nc2
Rxg4 28. Rd2 Rf4 29. Rde2 g4 30. Re3 Rdf8 31. Kb2 Rf2 32. R3e2 R8f4 33. Qe3 g3
34. Rd2 exd5 35. cxd5 Bxd5 36. Rxd5 Qe6 37. Rd2 Rxd2 38. Qxd2 Rxe4 39. Rxe4
Qxe4 40. Qxd6+ Kc8 41. Qf8+ Kd7 42. Qf7+ Kd6 43. Qf6+ Kc7 44. Qg7+ Kc8 45. Qf8+
Kc7 46. Qf1 b5 47. Qg1 Kc6 48. Qf1 a5 49. Qf6+ Kb7 50. Qg7+ Kb6 51. Qh6+ Kb7
52. Qd2 b4 53. cxb4 axb4 54. Qd7+ Kb6 55. Qd6+ Kb7 56. Qd7+ 1/2-1/2

[Event "World Senior Team ch."]
[Site "Radebeul, Germany"]
[Date "2016.06.28"]
[Round "3"]
[White "Vasiukov, E."]
[Black "Stebbings, A."]
[Result "1-0"]
[WhiteElo "2403"]
[BlackElo "2260"]
[PlyCount "53"]
[EventDate "2016.??.??"]

1. e4 c5 2. Nf3 e6 3. b3 a6 4. Bb2 Nc6 5. c4 Qc7 6. g3 Nf6 7. e5 Ng4 8. Qe2 Be7
9. Bh3 Nh6 10. Nc3 f6 11. exf6 gxf6 12. O-O-O O-O 13. d4 cxd4 14. Nxd4 Qe5 15.
Nxc6 bxc6 16. Ne4 Qa5 17. Bc3 Qa3+ 18. Kb1 d5 19. Bb2 Qb4 20. Nc3 f5 21. cxd5
cxd5 22. Bg2 Rf7 23. Nxd5 exd5 24. Bxd5 Bb7 25. Qe5 Kf8 26. Qh8+ Ng8 27. Bxf7
1-0

[Event "World Senior Team ch."]
[Site "Radebeul, Germany"]
[Date "2016.06.29"]
[Round "4"]
[White "Stebbings, A."]
[Black "Svensson, L."]
[Result "1-0"]
[WhiteElo "2260"]
[BlackElo "2072"]
[PlyCount "57"]
[EventDate "2016.??.??"]

1. d4 d5 2. c4 c6 3. Nc3 e5 4. dxe5 d4 5. Ne4 Qa5+ 6. Bd2 Qxe5 7. Ng3 Nf6 8.
Nf3 Qd6 9. Qc2 g6 10. Ne4 Nxe4 11. Qxe4+ Qe6 12. Qxd4 f6 13. Bc3 Bg7 14. e3 O-O
15. c5 Qe7 16. Bc4+ Kh8 17. Rd1 Nd7 18. b4 Ne5 19. Nxe5 fxe5 20. Qd2 Qg5 21.
O-O Bg4 22. f4 Qh5 23. Rde1 Rad8 24. Qb2 Rfe8 25. fxe5 Bxe5 26. Bxe5+ Qxe5
27. Rf8+ Kg7 28. Qxe5+ Rxe5 29. Rxd8 1-0

[Event "World Senior Team ch."]
[Site "Radebeul, Germany"]
[Date "2016.06.30"]
[Round "5"]
[White "Vogel, J."]
[Black "Stebbings, A."]
[Result "1/2-1/2"]
[WhiteElo "2126"]
[BlackElo "2260"]
[PlyCount "64"]
[EventDate "2016.??.??"]

1. d4 Nf6 2. Nf3 e6 3. c4 b6 4. e3 Bb7 5. Be2 c5 6. O-O Be7 7. Nc3 cxd4 8. Nxd4
a6 9. b3 O-O 10. Bb2 Qc7 11. h3 d6 12. Bf3 Nbd7 13. Rc1 Nc5 14. Qe2 Rac8 15.
Bxb7 Qxb7 16. Rfd1 Rfd8 17. Qf3 Qxf3 18. gxf3 Kf8 19. Kg2 g6 20. Nde2 Ne8 21.
Ne4 f5 22. Nxc5 bxc5 23. Bc3 Bf6 24. Ba5 Rd7 25. Rc2 Rb7 26. Nf4 Ke7 27. Rcd2
Rc6 28. Rd3 Bg7 29. R3d2 Rb8 30. Rd3 Be5 31. Ne2 Bf6 32. Nf4 Be5 1/2-1/2

[Event "World Senior Team ch."]
[Site "Radebeul, Germany"]
[Date "2016.07.01"]
[Round "6"]
[White "Stebbings, A."]
[Black "Lenk, W."]
[Result "1-0"]
[WhiteElo "2260"]
[BlackElo "2213"]
[PlyCount "83"]
[EventDate "2016.??.??"]

1. d4 Nf6 2. c4 g6 3. Nc3 Bg7 4. e4 d6 5. f3 O-O 6. Be3 Nc6 7. Nge2 a6 8. Qd2
Rb8 9. Nc1 e5 10. d5 Nd4 11. Nb3 Nxb3 12. axb3 Nh5 13. O-O-O f5 14. Kb1 f4 15.
Ba7 Ra8 16. Bf2 Rf7 17. b4 Bf8 18. c5 Rg7 19. Bd3 Bd7 20. Rc1 Qe8 21. Ne2 Bb5
22. Rc2 a5 23. Nc1 Bxd3 24. Nxd3 Qa4 25. Rcc1 axb4 26. Qxb4 Qa2+ 27. Kc2 dxc5
28. Bxc5 Ra4 29. Qb5 Nf6 30. Bxf8 Kxf8 31. Nc5 Rc4+ 32. Kd2 Rd4+ 33. Ke2 Re7
34. Ne6+ Kf7 35. Nxd4 exd4 36. Kf2 Qa7 37. Ra1 Qb8 38. Qc4 Ke8 39. Qxd4 Nd7 40.
Ra7 Kf7 41. Rha1 Qf8 42. Rxb7 1-0

[Event "World Senior Team ch."]
[Site "Radebeul, Germany"]
[Date "2016.07.02"]
[Round "7"]
[White "Stebbings, A."]
[Black "Faibisovich, V."]
[Result "1/2-1/2"]
[WhiteElo "2260"]
[BlackElo "2348"]
[PlyCount "67"]
[EventDate "2016.??.??"]

1. d4 Nf6 2. c4 e6 3. Nc3 d5 4. Bg5 Be7 5. e3 O-O 6. Nf3 h6 7. Bh4 b6 8. Be2
Nbd7 9. cxd5 Nxd5 10. Bxe7 Nxe7 11. O-O Bb7 12. Qa4 Nf6 13. Ne5 Ned5 14. Rac1
Nxc3 15. Rxc3 Qe7 16. Rfc1 Rfc8 17. Ba6 c5 18. Nd3 Bxa6 19. Qxa6 Ne4 20. R3c2
Rd8 21. f3 Nd6 22. dxc5 bxc5 23. Nxc5 Nf5 24. Qe2 a5 25. b3 Rac8 26. Ne4 Rxc2
27. Rxc2 Qa7 28. Kf2 a4 29. b4 Qb8 30. h3 Qxb4 31. Qc4 Qa3 32. Nc3 Qd6 33. Ne4
Qa3 34. Nc3 1/2-1/2

[Event "World Senior Team ch."]
[Site "Radebeul, Germany"]
[Date "2016.07.04"]
[Round "9"]
[White "Stebbings, A."]
[Black "Renman, N."]
[Result "1/2-1/2"]
[WhiteElo "2260"]
[BlackElo "2352"]
[PlyCount "92"]
[EventDate "2016.??.??"]

1. d4 d5 2. c4 c6 3. Nc3 Nf6 4. e3 Bf5 5. cxd5 Nxd5 6. Bc4 e6 7. Nge2 Bg6 8.
O-O Be7 9. e4 Nxc3 10. Nxc3 Nd7 11. Be3 O-O 12. f4 b5 13. Bb3 Nf6 14. f5 exf5
15. exf5 Bh5 16. Qd3 b4 17. Ne4 Nxe4 18. Qxe4 Re8 19. Qf4 Be2 20. Rfe1 Bd6 21.
Qf2 Bb5 22. Rac1 Be7 23. Bf4 Bf6 24. Be5 Bh4 25. g3 Bg5 26. Rcd1 Bf6 27. Qf4 a5
28. a4 bxa3 29. bxa3 a4 30. Ba2 Qe7 31. Qc1 Rad8 32. Kg2 h6 33. h4 Bxe5 34.
Rxe5 Qf6 35. Qc5 Kh7 36. Rde1 Rxe5 37. Rxe5 Rd7 38. Kf2 g6 39. Ke3 Kg7 40. Kf3
Rd6 41. Ke3 g5 42. Kf3 gxh4 43. gxh4 Qd8 44. Ke3 Qxh4 45. Qxd6 Qe1+ 46. Kf3
Qf1+ 1/2-1/2

[Event "County match"]
[Site "?"]
[Date "2016.10.08"]
[Round "?"]
[White "Spivack, S."]
[Black "Stebbings, A."]
[Result "1/2-1/2"]
[WhiteElo "2125"]
[BlackElo "2260"]
[PlyCount "70"]
[EventDate "2016.??.??"]

1. Nf3 c5 2. g3 Nc6 3. Bg2 g6 4. O-O Bg7 5. d3 e6 6. e4 Nge7 7. Nbd2 O-O 8. Re1
e5 9. Nc4 d6 10. c3 b5 11. Ne3 Rb8 12. a4 a6 13. axb5 axb5 14. h4 h6 15. h5 Be6
16. hxg6 fxg6 17. Nh2 Qd7 18. Nd5 g5 19. Bf3 b4 20. Ra6 bxc3 21. bxc3 Rb7 22.
Bg4 Nb8 23. Ra3 Nxd5 24. exd5 Bxg4 25. Nxg4 Qf7 26. Qe2 Qxd5 27. c4 Qf3 28.
Qxf3 Rxf3 29. Kg2 Rf5 30. Ne3 Rff7 31. g4 Bf8 32. Nd5 Ra7 33. Rxa7 Rxa7 34. Kf3
Kf7 35. Bd2 Ke6 1/2-1/2

[Event "London league"]
[Site "?"]
[Date "2016.10.20"]
[Round "?"]
[White "Gluckman, T."]
[Black "Stebbings, A."]
[Result "0-1"]
[WhiteElo "1968"]
[BlackElo "2260"]
[PlyCount "92"]
[EventDate "2016.??.??"]

1. d4 Nf6 2. Nf3 e6 3. Bf4 c5 4. e3 cxd4 5. exd4 Be7 6. Nbd2 b6 7. h3 O-O 8.
Bd3 Bb7 9. O-O d6 10. c3 Nbd7 11. Nc4 Qc7 12. Re1 Rfe8 13. Qe2 Nf8 14. a4 Ng6
15. Bh2 Nd5 16. Qd2 a6 17. h4 Nf6 18. Bxg6 hxg6 19. Ne3 Bxf3 20. gxf3 Nh5 21.
Ng2 Qd8 22. d5 e5 23. f4 exf4 24. Bxf4 Qd7 25. Bg5 Bf6 26. a5 b5 27. Rxe8+ Rxe8
28. Re1 Re5 29. Rxe5 Bxe5 30. f4 Bf6 31. Qe3 Bxg5 32. fxg5 Qf5 33. Qe8+ Kh7 34.
Qc6 Qb1+ 35. Kh2 Qxb2 36. Qxd6 Qxc3 37. Qe7 f5 38. d6 Qg3+ 39. Kh1 f4 40. Qe1
Qd3 41. Qf2 Qxd6 42. Qf3 Qd2 43. Kg1 Qxa5 44. Nxf4 Qe1+ 45. Kg2 Qd2+ 46. Ne2
Qxe2+ 0-1

[Event "London league"]
[Site "?"]
[Date "2016.11.10"]
[Round "?"]
[White "Twitchell, N."]
[Black "Stebbings, A."]
[Result "0-1"]
[WhiteElo "1998"]
[BlackElo "2260"]
[PlyCount "58"]
[EventDate "2016.??.??"]

1. d4 Nf6 2. f3 d5 3. e4 dxe4 4. Nc3 exf3 5. Nxf3 Bg4 6. h3 Bxf3 7. Qxf3 c6 8.
Be3 e6 9. Bd3 Nbd7 10. O-O Be7 11. Rf2 O-O 12. Raf1 Qa5 13. a3 e5 14. Ne4 Rae8
15. c3 exd4 16. cxd4 Qd5 17. g4 Bd8 18. Ng3 Bb6 19. Nf5 Qxf3 20. Rxf3 g6 21.
Bh6 gxf5 22. Rxf5 Bxd4+ 23. Kg2 Nd5 24. Bc4 N7b6 25. Bxd5 Nxd5 26. Rg5+ Kh8 27.
Bxf8 Ne3+ 28. Kf2 Nxf1+ 29. Kxf1 Rxf8 0-1

[Event "Tournament: World Senior ch."]
[Site "Marianske Lazne, Czechia"]
[Date "2016.11.19"]
[Round "1"]
[White "Rucka, A."]
[Black "Stebbings, A."]
[Result "0-1"]
[WhiteElo "1953"]
[BlackElo "2260"]
[PlyCount "60"]
[EventDate "2016.??.??"]

1. d4 Nf6 2. c4 e6 3. Nf3 b6 4. g3 Bb4+ 5. Nbd2 Ba6 6. Qc2 O-O 7. Bg2 d5 8. O-O
c5 9. Rd1 Nbd7 10. Ne5 Qc7 11. Qa4 Bb7 12. Ndf3 dxc4 13. a3 Ba5 14. Bf4 Nxe5
15. Bxe5 Qd7 16. Qxc4 Bd5 17. Qa6 c4 18. Rac1 Rfc8 19. Ng5 Ne8 20. Bxd5 exd5
21. b4 cxb3 22. Rxc8 Rxc8 23. Qd3 h6 24. Qh7+ Kf8 25. Nf3 b2 26. Bxg7+ Nxg7 27.
Qh8+ Ke7 28. Qxg7 Rc1 29. Ne5 Rxd1+ 30. Kg2 Qe6 0-1

[Event "Tournament: World Senior ch."]
[Site "Marianske Lazne, Czechia"]
[Date "2016.11.20"]
[Round "2"]
[White "Stebbings, A."]
[Black "Hutchinson, N."]
[Result "1-0"]
[WhiteElo "2260"]
[BlackElo "2118"]
[PlyCount "111"]
[EventDate "2016.??.??"]

1. d4 Nf6 2. c4 e6 3. Nc3 Bb4 4. e3 O-O 5. Bd3 c5 6. Nge2 d5 7. cxd5 cxd4 8.
exd4 Nxd5 9. O-O Nc6 10. Nxd5 exd5 11. Nf4 Bd6 12. Re1 Bxf4 13. Bxf4 Qf6 14.
Be3 Bf5 15. Bb5 Nb4 16. Re2 Qg6 17. Qd2 Nc2 18. Rc1 Rac8 19. Ba4 Bh3 20. f3
Nxe3 21. Qxe3 Rxc1+ 22. Qxc1 Qa6 23. Qd1 Bf5 24. Re5 Be6 25. Bb3 Qb6 26. Qd2
Rc8 27. Qe3 Qc6 28. Kf2 a5 29. Qd2 a4 30. Bd1 Qb6 31. Be2 f6 32. Re3 Bf5 33.
Rc3 Rc6 34. Bd1 Bd7 35. Rxc6 Bxc6 36. Qc3 Kf7 37. Ke3 Qc7 38. g3 Qd7 39. Qd2
Qh3 40. Qf2 Bb5 41. Kd2 Qc8 42. Qe3 Qc4 43. b3 Qf1 44. bxa4 Qg2+ 45. Kc3 Bc4
46. Bb3 Qxh2 47. Bxc4 dxc4 48. d5 Qxg3 49. Qe6+ Kf8 50. Qc8+ Ke7 51. Qxb7+ Kd8
52. Qb6+ Kd7 53. Qc6+ Kd8 54. d6 Qe1+ 55. Kxc4 Qa5 56. Qb5 1-0

[Event "Tournament: World Senior ch."]
[Site "Marianske Lazne, Czechia"]
[Date "2016.11.21"]
[Round "3"]
[White "Golcman, E."]
[Black "Stebbings, A."]
[Result "0-1"]
[WhiteElo "2164"]
[BlackElo "2260"]
[PlyCount "118"]
[EventDate "2016.??.??"]

1. c4 c5 2. Nf3 Nf6 3. Nc3 Nc6 4. g3 d5 5. cxd5 Nxd5 6. Nxd5 Qxd5 7. Bg2 e5 8.
d3 Be7 9. O-O O-O 10. Be3 Qe6 11. Ng5 Qd7 12. Rc1 Nd4 13. Nf3 Qe6 14. b3 Bd7
15. Bd2 Rab8 16. e3 Nxf3+ 17. Bxf3 Bb5 18. Rc3 Rfd8 19. Bc1 Rd7 20. e4 Qa6 21.
Be3 Rxd3 22. Rxd3 Bxd3 23. Re1 Rd8 24. Qa1 f6 25. Rc1 b6 26. h4 h6 27. Bg2 Be2
28. Qb2 Qd3 29. Re1 Bg4 30. Kh2 h5 31. f3 Be6 32. Bf1 Qd7 33. Be2 b5 34. f4
exf4 35. gxf4 Bg4 36. Bxg4 Qxg4 37. Qf2 f5 38. Rg1 Qxh4+ 39. Qxh4 Bxh4 40. Bxc5
fxe4 41. Bxa7 Kf7 42. Rc1 Rd2+ 43. Kh3 Bf6 44. Rc5 Rxa2 45. Bb6 b4 46. Rc4 Bc3
47. Bc5 Bd2 48. Rxe4 Ra3 49. Kh4 Rxb3 50. Kxh5 Rb1 51. Kg5 Re1 52. Rd4 Rg1+ 53.
Kf5 g6+ 54. Ke4 Re1+ 55. Kf3 Bc3 56. Rd7+ Ke8 57. Rb7 Rb1 58. Ke4 b3 59. Kd3
Bf6 0-1

[Event "Tournament: World Senior ch."]
[Site "Marianske Lazne, Czechia"]
[Date "2016.11.22"]
[Round "4"]
[White "Stebbings, A."]
[Black "Harandi, K."]
[Result "1/2-1/2"]
[WhiteElo "2260"]
[BlackElo "2354"]
[PlyCount "95"]
[EventDate "2016.??.??"]

1. d4 Nf6 2. c4 e6 3. Nc3 Bb4 4. e3 O-O 5. Bd3 c5 6. Nge2 cxd4 7. exd4 d5 8.
cxd5 Nxd5 9. O-O Nc6 10. Nxd5 Qxd5 11. Be3 Rd8 12. Qc2 g6 13. Rfd1 Bd6 14. a3
Qh5 15. h3 Bd7 16. Be4 Rac8 17. Qd2 Na5 18. Bf3 Qf5 19. Bg4 Qb5 20. Nc3 Qa6 21.
Qc2 Nc4 22. Bg5 Rf8 23. Bh6 Rfe8 24. Ne4 Be7 25. Nc5 Nd6 26. Qb3 Qb5 27. Qg3
Nf5 28. Bxf5 exf5 29. Nxd7 Qxd7 30. Rd2 Qd5 31. Qe5 Qxe5 32. dxe5 Rc6 33. Be3
g5 34. f4 f6 35. exf6 Bxf6 36. fxg5 Rxe3 37. gxf6 Rxf6 38. Rc1 Rb3 39. Rc4 Kg7
40. Rb4 Rxb4 41. axb4 Rb6 42. Rd4 Kf6 43. Kf2 Ke5 44. Rc4 a5 45. bxa5 Rxb2+ 46.
Kf3 Rb3+ 47. Kf2 h5 48. Ra4 1/2-1/2

[Event "Tournament: World Senior ch."]
[Site "Marianske Lazne, Czechia"]
[Date "2016.11.23"]
[Round "5"]
[White "Bogdanov, V."]
[Black "Stebbings, A."]
[Result "0-1"]
[WhiteElo "2385"]
[BlackElo "2260"]
[PlyCount "64"]
[EventDate "2016.??.??"]

1. d4 Nf6 2. Nf3 e6 3. c4 b6 4. Nc3 Bb4 5. Bg5 h6 6. Bh4 g5 7. Bg3 Ne4 8. Qc2
Bb7 9. Nd2 Bxc3 10. bxc3 f5 11. e3 d6 12. Nxe4 Bxe4 13. Qd1 Qf6 14. f3 Bb7 15.
Bd3 Nd7 16. c5 bxc5 17. O-O O-O 18. Rb1 Bc6 19. Bb5 Bxb5 20. Rxb5 cxd4 21. cxd4
f4 22. Bf2 fxe3 23. Bxe3 Nb6 24. Qd3 Nd5 25. Rc1 Rab8 26. Ra5 Rb7 27. Qe4 Qf5
28. Bf2 Qxe4 29. fxe4 Nf4 30. Rd1 Ne2+ 31. Kf1 Nc3 32. Rc1 Nxe4 0-1

[Event "Tournament: World Senior ch."]
[Site "Marianske Lazne, Czechia"]
[Date "2016.11.24"]
[Round "6"]
[White "Stebbings, A."]
[Black "Vaisser, A."]
[Result "0-1"]
[WhiteElo "2260"]
[BlackElo "2505"]
[PlyCount "176"]
[EventDate "2016.??.??"]

1. d4 Nf6 2. c4 c5 3. Nf3 e6 4. Nc3 cxd4 5. Nxd4 d5 6. cxd5 Nxd5 7. Bd2 Nf6 8.
e3 Be7 9. Bb5+ Nbd7 10. O-O O-O 11. Rc1 Nc5 12. Qc2 e5 13. Nf3 e4 14. Nd4 Qd6
15. f4 exf3 16. Nxf3 Bd7 17. Ng5 Bxb5 18. Nxb5 Qd3 19. Qxd3 Nxd3 20. Rc2 Ng4
21. Nf3 a6 22. Nbd4 Rac8 23. b3 Rxc2 24. Nxc2 Rc8 25. Nfd4 Nf6 26. Ba5 Ne4 27.
Rd1 Ne5 28. Kf1 g6 29. Ke2 Bg5 30. Be1 h5 31. h3 f5 32. Nb4 Kf7 33. a4 Rc3 34.
Nbc2 Nc6 35. Rd3 Nxd4+ 36. Nxd4 Rc1 37. Nf3 Be7 38. Nd4 Bc5 39. Rd1 Rxd1 40.
Kxd1 Bxd4 41. exd4 Ke6 42. Ke2 Kd5 43. Ke3 Ng5 44. Bg3 Ne6 45. Be5 f4+ 46. Bxf4
Nxd4 47. Bc7 Nxb3 48. a5 Nd4 49. Bb6 Ne6 50. Kf3 Ke5 51. Ke3 g5 52. Kf3 Nd4+
53. Ke3 Nf5+ 54. Kf3 Nh4+ 55. Kf2 Ke4 56. Bd8 Kf5 57. Be7 Ng6 58. Bd8 Kf4 59.
Bc7+ Ne5 60. Bd6 Ke4 61. Bc7 Nc6 62. Bb6 Nd4 63. Bd8 Ne6 64. Bb6 Nf4 65. Bd8
Kf5 66. Kf3 h4 67. Bb6 Ne6 68. Be3 Nd8 69. Bb6 Nc6 70. Bc7 Ne7 71. Bb6 Ng6 72.
Bd8 Ne5+ 73. Ke2 Nc6 74. Bb6 Ke4 75. Kf2 Ne5 76. Bd8 Nd3+ 77. Ke2 Nf4+ 78. Kf2
Ne6 79. Bb6 g4 80. hxg4 Kf4 81. g5 Kxg5 82. Kf3 Kf5 83. Ba7 Ng5+ 84. Ke3 Ne6
85. Kf3 Nd8 86. Bf2 Nc6 87. Bb6 Ne5+ 88. Ke3 Nc4+ 0-1

[Event "Tournament: World Senior ch."]
[Site "Marianske Lazne, Czechia"]
[Date "2016.11.26"]
[Round "7"]
[White "Kakageldyev, A."]
[Black "Stebbings, A."]
[Result "1-0"]
[WhiteElo "2373"]
[BlackElo "2260"]
[PlyCount "79"]
[EventDate "2016.??.??"]

1. d4 Nf6 2. c4 e6 3. Nc3 Bb4 4. Qc2 b6 5. a3 Bxc3+ 6. Qxc3 Bb7 7. Bg5 h6 8.
Bh4 g5 9. Bg3 Ne4 10. Qc2 d6 11. f3 Nxg3 12. hxg3 Nd7 13. e3 Qe7 14. Ne2 h5 15.
Nc3 O-O-O 16. Be2 f5 17. O-O-O h4 18. gxh4 Rxh4 19. Rhg1 Nf6 20. Kb1 Kb8 21.
Bd3 c5 22. Qf2 d5 23. Qg3+ Ka8 24. Qxg5 Rh5 25. Qf4 cxd4 26. exd4 Rhh8 27. Rge1
dxc4 28. Bxc4 Nd5 29. Bxd5 Bxd5 30. Qxf5 Qg7 31. Qc2 Rh2 32. Nxd5 exd5 33. Qc6+
Kb8 34. Re8 Rxe8 35. Qxe8+ Kb7 36. Rc1 Ka6 37. Qc8+ Kb5 38. Rc5+ bxc5 39. Qxc5+
Ka6 40. Qc6+ 1-0